000 00866nam a22002537a 4500
001 BR7604430
003 BR-BrBNA
005 20230928085108.0
007 ta
008 230509b bl.||||| |||| 00| 0 por d
040 _aBR-BrBNA
_bpor
_cBiblioteca Nacional de Agricultura
041 _a(Por)
072 _aE10; E30
_b/G514
090 _ E10 BR7604430
110 1 _aComissao Estadual de Planejamento Agricola, Natal, RN (Brasil)
_92056
245 1 _aProjeto de desenvolvimento rural integrado na regiao da Chapada do Apodi, Rio Grande do Norte [Brasil]
260 3 _aNatal, RN (Brasil):
_c1976.
300 _a21 p.
500 _a(*) Documento disponível no(a) Comissao Estadual de Planejamento Agricola, Natal, RN (Brazil)
650 _aPROJETO DE DESENVOLVIMENTO
650 _aRIO GRANDE DO NORTE
909 _a202309
_bLucia
_c55
_dLucia Elande
942 _cBK
999 _c22766
_d22766